Olympic Medalists in Basketball (Men & Women) - Statistics

General Stats
  • This quiz has been taken 104 times
  • The average score is 20 of 28
Answer Stats
Hint Gold Silver Bronze % Correct
1988 Soviet Union Yugoslavia United States
89%
1992 Unified Team China United States
89%
1948 United States France Brazil
84%
1960 United States Soviet Union Brazil
84%
1964 United States Soviet Union Brazil
84%
2000 United States Australia Brazil
84%
1984 United States Spain Yugoslavia
84%
1980 Soviet Union Bulgaria Yugoslavia
84%
2012 United States Spain Russia
82%
2004 United States Australia Russia
82%
2008 United States Australia Russia
82%
1968 United States Yugoslavia Soviet Union
82%
1976 United States Yugoslavia Soviet Union
82%
1980 Yugoslavia Italy Soviet Union
82%
1988 United States Yugoslavia Soviet Union
82%
1996 United States Brazil Australia
80%
2012 United States France Australia
80%
2008 United States Spain Argentina
77%
1984 United States South Korea China
71%
1936 United States Canada Mexico
66%
1992 United States Croatia Lithuania
63%
1996 United States Yugoslavia Lithuania
63%
2000 United States France Lithuania
63%
2004 Argentina Italy United States
57%
1972 Soviet Union United States Cuba
41%
1976 Soviet Union United States Bulgaria
40%
1952 United States Soviet Union Uruguay
32%
1956 United States Soviet Union Uruguay
32%
No matching quizzes found
Score Distribution
Percent of People with Each Score
Percentile by Number Answered
Your Score History
You have not taken this quiz